[Event "Nizhnij Novgorod Voroniatov Memor 4th"]
[Site "Nizhnij Novgorod"]
[Date "2007.06.11"]
[Round "?"]
[White "Marsak, Viktor D"]
[Black "Sidorov, Vasily M"]
[Result "0-1"]
[WhiteElo "2100"]
[BlackElo "2195"]
[PlyCount "50"]
[EventDate "2007.06.11"]
[EventType "swiss"]
[EventRounds "9"]
[EventCountry "RUS"]
[SourceTitle "EXT 2022"]
[Source "ChessBase"]
[SourceDate "2021.10.06"]
[SourceVersion "1"]
[SourceVersionDate "2021.10.06"]
[SourceQuality "1"]

1. d4 Nf6 2. c4 c5 3. d5 b5 4. cxb5 a6 5. Nc3 axb5 6. e4 b4 7. Nb5 d6 8. Bf4 Na6 9. Bc4 g6 10. Nf3 Bg7 11. Qe2 0-0 12. h3 Nc7 13. Nxc7 Qxc7 14. 0-0 Nd7 15. Bb5 Nb6 16. Rfc1 Bd7 17. Bxd7 Qxd7 18. Qc2 Ra6 19. Nd2 Rfa8 20. Qb3 Qa4 21. Rab1 Qxb3 22. axb3 Ra2 23. Rc2 Ra1 24. Rxa1 Rxa1+ 25. Nf1 f5 0-1